Open Data Biblioteca Nacional de Portugal


República Portuguesa: Ministério da Cultura
Biblioteca Nacional de Portugal

Catálogo da BNP: acesso por Identificadores Unívocos
Registos Bibliográficos associados ao registo de autoridade

Etiqueta de registo: 00254nkm 2200109 450
001 1927202
003 http://id.bnportugal.gov.pt/bib/catbnp/1927202
100 ## $a20160404d1982 am c0pora0103 ba
101 0# $apor
102 ## $aPT
200 1# $aProspecção arqueológica aero-fotográfica$bVisual gráfico]$eseminário$fAssembleia Distrital de Setúbal
210 #9 $aSetúbal$cAssembleia Distrital ,$d1982
215 ## $a1 cartaz$cp&b$d28x42 cm
317 ## $aColeção Madeira Luís
330 ## $aReprodução de foto aérea, de solo com traçados arqueológicos
675 ## $a061.3(469.412)"1982"(084.5)$vBN$zpor$31641253
675 ## $a902(084.5)$vBN$zpor$31641669
675 ## $a766(=1:469)"198"(084.5)$vBN$zpor$31302430
710 01 $aSetúbal.$bAssembleia Distrital$31641257
801 #0 $aPT$bBN$gRPC
966 ## $lBN$mICONOG$pFrancisco Madeira Luís$sCT. 7609 V.$x3
997 ## $aBIBEOD

Etiqueta de registo: 00254nkm 2200109 450
001 2288851
003 http://id.bnportugal.gov.pt/bib/catbnp/2288851
100 ## $a20260625d1980 am y0pory01030103ba
101 0# $apor
102 ## $aPT
200 1# $aSátira política e arqueologia: Bordalo Pinheiro e o congresso de 1880, conferência por Victor dos Santos Gonçalves, em 15 março 1980$bVisual gráfico]$fMuseu de Arqueologia e Etnografia, Assembleia Distrital de Setúbal
210 #9 $aSetúbal$cMuseu de Arqueologia e Etnografia$cAssembleia Distrital de Setúbal,$d1980
215 ## $a1 cartaz$cazul impresso sobre papel creme$d58x40 cm
317 ## $aCom marcas de afixação nas extremidades sem prejuízo de leitura iconográfica
321 ## $ahttp://hdl.handle.net/10451/38488
330 ## $aReprodução de caricatura de Rafael Bordalo Pinheiro
675 ## $a061.3(469.412)"1980"(084.5)$vBN$zpor$32001709
675 ## $a741.5Pinheiro, Rafael Bordalo(084.5)$vBN$zpor$31216157
675 ## $a929Pinheiro, Rafael Bordalo(084.5)$vBN$zpor$31216158
675 ## $a766(=1:469)"198"(084.5)$vBn$zpor$31302430
710 01 $aSetúbal.$bJunta Distrital.$bMuseu de Arqueologia e Etnografia$3223978
711 01 $aSetúbal.$bAssembleia Distrital$31641257
801 #0 $aPT$bBN$gRPC
966 ## $lBN$mICONOG$sCT. 25962 A.$x3
971 ## $ctoliveira$d20260625

OpendataBNP@bnportugal.pt | Mais informação sobre acesso aos dados BNP